[Event "Hector S Nazzari Memorial 2019"]
[Site "Montevideo"]
[Date "2019.10.18"]
[Round "5.5"]
[White "Carvalho, Guillermo"]
[Black "Palacio, Enzo"]
[Result "1-0"]
[WhiteElo "2183"]
[BlackElo "1780"]
[Annotator "TA"]
[PlyCount "49"]
[EventDate "2019.10.14"]
[EventType "swiss"]
[EventCountry "URU"]
[SourceTitle "playchess.com"]
[Source "ChessBase"]
[SourceQuality "1"]

{[%evp 15,49,9,10,12,50,14,40,45,29,11,43,37,36,36,33,37,30,29,60,52,54,56,95,54,216,212,201,206,224,198,541,541,774,745,1104,1105]} 1. d4 Nf6 2. Nf3 g6 3. g3 Bg7 4. Bg2 O-O 5. O-O d6 6. b3 Nbd7 7. Bb2 c6 8. Nbd2 Re8 9. Re1 {A49: 1 d4 Nf6 2 Nf3 g6 3 g3: Anti-King's Indian systems} (9. e4 e5 10. dxe5 dxe5 11. Re1 b5 12. a4 Qc7 13. Qe2 a6 14. Red1 Nc5 15. Ne1 Bg4 16. Bf3 Be6 17. Nd3 Nfd7 18. Nxc5 Nxc5 19. Ba3 Bf8 20. Qe3 Nd7 21. Bxf8 Rxf8 {½-½ (58) Muthaiah,A (2420)-Amonatov,F (2624) Mumbai 2019}) 9... a5 10. a4 Qc7 11. e4 {White is slightly better.} e5 12. dxe5 Nxe5 13. Nxe5 dxe5 14. Nc4 $36 {[%cal Bd2c4,Bc4e3,Be3d5][%mdl 2080] White has good play.} Bf8 $1 15. Qf3 Kg7 $146 ({Predecessor:} 15... Bg7 16. Qe3 Nd7 17. Bh3 {1-0 (31) Roca,A (2366)-Di Berardino,D (2358) Pinamar 2005}) 16. h3 b5 17. Ne3 Bb4 18. Red1 Be6 19. Bf1 Red8 $2 (19... bxa4 $14 20. Rxa4 Nd7) 20. axb5 $18 {Threatens to win with b6!} cxb5 21. Bxb5 Bc5 {[#]} 22. Nd5 $1 Rxd5 $2 (22... Bxd5 {is a better chance.} 23. exd5 Ng8) 23. exd5 {White is clearly winning.} Bxh3 24. d6 {[%mdl 64] Discovered Attack} Qb6 25. Bxe5 {Accuracy: White = 59%, Black = 16%.} 1-0

[Event "Hector S Nazzari Memorial 2019"]
[Site "Montevideo"]
[Date "2019.10.18"]
[Round "5.6"]
[White "Granara Barreto, Sebastian"]
[Black "Hoffman, Alejandro"]
[Result "0-1"]
[WhiteElo "2134"]
[BlackElo "2449"]
[Annotator "TA"]
[PlyCount "100"]
[EventDate "2019.10.14"]
[EventType "swiss"]
[EventCountry "URU"]
[SourceTitle "playchess.com"]
[Source "ChessBase"]
[SourceQuality "1"]

{[%evp 10,100,32,29,46,35,32,31,49,26,50,46,72,58,60,32,35,25,28,27,45,41,45,42,51,51,61,53,66,56,66,52,77,65,56,62,51,45,67,0,40,34,41,25,50,7,12,0,0,-139,-125,-369,-373,-344,-253,-295,-279,-267,-285,-271,-261,-328,-328,-460,-455,-446,-433,-456,-13,-424,-391,-633,-618,-567,-455,-455,-455,-456,-408,-471,-457,-456,-441,-799,-768,-1078,-743,-694,-687,-1077,-1065,-1074,-1020]} 1. c4 g6 2. g3 Bg7 3. Bg2 c6 4. Nc3 Nf6 5. e4 d6 6. Nge2 e5 {A16: English Opening: 1...Nf6 with ...d5} (6... O-O 7. O-O e5 8. d3 a5 9. h3 Na6 10. Be3 Nc5 11. Qd2 a4 12. Kh2 Ne8 13. Qc2 Nc7 14. d4 N5e6 15. Rad1 Qe7 16. Nxa4 exd4 17. Nxd4 Nxd4 18. Bxd4 Bxd4 19. Rxd4 {1-0 (53) Harika,D (2504)-Berend,E (2303) Riadh 2017}) 7. O-O Be6 8. b3 h5 $146 {White is slightly better.} ({Predecessor:} 8... d5 9. exd5 cxd5 10. d4 e4 11. cxd5 Nxd5 12. Nxe4 O-O 13. Ba3 Re8 14. Nd6 {1-0 (50) Perez Garcia,R (2332)-De Rosa,M (2088) Caleta 2016}) 9. h4 O-O 10. d4 exd4 11. Nxd4 Re8 12. Bb2 Na6 13. Qd2 Nc5 14. Nxe6 Rxe6 15. f3 Qb6 16. Kh1 a5 17. Ne2 Qc7 18. Rad1 Rd8 19. Nf4 Re7 20. Bc3 b6 21. Qb2 Ne8 22. Bxg7 Nxg7 23. Rfe1 Re5 24. Nd3 (24. Bh3 $14) 24... Nxd3 25. Rxd3 Ree8 26. Qf2 Ne6 27. f4 c5 28. f5 Nd4 {[#]} 29. Qf4 {[#]} (29. g4 $1 $11 {[%mdl 512] remains equal.}) 29... Nxf5 $1 $17 {[%mdl 512]} 30. exf5 $2 (30. g4 $17 {might work better.} Ng7 31. Rf1) 30... Rxe1+ $19 31. Kh2 Qe7 32. fxg6 fxg6 33. Qh6 {Threatens to win with Bd5+.} Qh7 34. Qg5 Rd7 35. Bd5+ Kh8 36. Rf3 {[#]} (36. Qd2 {is a better defense.} Rde7 37. Bf3) 36... Qg7 $1 {[%cal Rg7b2]} 37. Rf6 Kh7 38. Qf4 Re5 $2 (38... Re2+ $19 39. Kh3 Qh6) 39. Bf3 $2 {[%mdl 8192]} (39. Bf7 $1 $11 {and White stays safe.}) 39... Qh6 40. Rxd6 $2 (40. Kg2) 40... Rxd6 41. Qxe5 {[%mdl 4096] Endgame KQR-KQB} Qf8 42. Bd5 Qf2+ 43. Kh1 Qf6 44. Qe8 Rd8 {Black is clearly winning.} 45. Qe2 Rd7 46. Qe8 (46. Kg2 $142 Re7 47. Qf2) 46... Re7 47. Qg8+ Kh6 {( -> ...Qf1+)} 48. Bg2 Re2 49. Qa8 Rxa2 50. Qe8 Rf2 {Accuracy: White = 36%, Black = 50%.} 0-1

[Event "Hector S Nazzari Memorial 2019"]
[Site "Montevideo"]
[Date "2019.10.18"]
[Round "5.7"]
[White "Avedisian, Alexander"]
[Black "Carbone, Diego"]
[Result "0-1"]
[WhiteElo "1877"]
[BlackElo "2233"]
[Annotator "TA"]
[PlyCount "86"]
[EventDate "2019.10.14"]
[EventType "swiss"]
[EventCountry "URU"]
[SourceTitle "playchess.com"]
[Source "ChessBase"]
[SourceQuality "1"]

{[%evp 19,108,-4,-7,-33,-28,-45,-6,-25,-3,-8,-10,-15,-11,-14,0,-1,0,0,0,-2,0,-22,-7,-17,-17,-30,-29,-30,-21,-16,0,-31,-31,-62,-60,-92,-91,-93,-88,-70,-48,-54,-14,-25,0,0,0,0,0,0,0,0,18,17,16,0,0,-681,-679,-674,-651,-627,-555,-12803,-782,-5808,-12823,-12839,-12839,-12840,-12840,-12841,-12840,-12840,-12840,-12846,-12844,-12847,-12847,-12848,-12847,-12848,-12847,-12848,-12846,-12847,-12845,-12847,-12846,-29997,-29998]} 1. g3 Nf6 2. Bg2 g6 3. Nf3 Bg7 4. O-O O-O 5. c4 d6 6. Nc3 Nc6 7. d4 a6 8. h3 Rb8 9. Be3 b5 10. Nd2 Bd7 11. cxb5 {E63: King's Indian: Fianchetto: Panno Variation with 7...a6} (11. Rc1 Na5 12. cxb5 axb5 13. b4 Nc6 14. a3 Qc8 15. Nde4 Ne8 16. Nd5 e6 17. Nef6+ Nxf6 18. Nxf6+ Bxf6 19. Bxc6 {1-0 (55) Adly,A (2593)-Ezat,M (2474) Cairo 2015}) 11... axb5 12. a3 e6 $146 ({Predecessor:} 12... e5 13. dxe5 Nxe5 14. f4 Nc4 15. Nxc4 bxc4 16. Qd2 d5 17. a4 Qe7 18. a5 c5 19. Bxd5 Rxb2 20. Qxb2 Qxe3+ 21. Kh2 Nxd5 22. Nxd5 Qe6 {0-1 (22) Muehlberg,S-Averbakh,Y Dresden 1956}) 13. b4 {The position is equal.} Ne7 {[%cal Bc6e7,Be7d5,Bd5b6,Bb6c4][%mdl 32]} 14. Nb3 Nfd5 15. Nxd5 Nxd5 16. Bd2 Nb6 17. Qc1 Nc4 18. Bh6 Bxh6 19. Qxh6 Qf6 20. e4 e5 21. dxe5 Qxe5 22. Rfd1 Ra8 23. Qc1 Ra4 24. Nd2 Be6 25. Nxc4 (25. Nf3 $5 {[%cal Rf3e5]} Qf6 26. Nd4 $11) 25... Bxc4 26. Re1 c5 27. Rb1 {[%cal Ba1b1,Bb1b3,Bb3c3][%mdl 32]} Bd3 28. Rb3 c4 29. Rc3 Qd4 30. Qd2 Qa7 (30... Qf6 {keeps more tension.} 31. Bf1 Bxf1 32. Rxf1 Rfa8 33. Qe3 R4a6) 31. e5 dxe5 32. Rxe5 Rxa3 33. Rxa3 Qxa3 34. Rxb5 Qa1+ 35. Kh2 Qd4 {[#] ...c3 is the strong threat.} 36. Rd5 Qf6 37. b5 {next Qe3 is good for White.} Re8 $36 {[%mdl 2048] Black fights for an advantage.} 38. Rxd3 $4 {[%mdl 8192]} (38. Rc5 $11) 38... cxd3 $19 39. Qxd3 Qxf2 $11 {[%mdl 4096] Endgame KQR-KQB} 40. Qd5 Re2 41. Qc6 Rb2 (41... h5 $142 42. h4 Re3) 42. h4 h5 43. Qc8+ {[#]} Kg7 {Played: Kg8-h7} 0-1

[Event "Hector S Nazzari Memorial 2019"]
[Site "Montevideo"]
[Date "2019.10.18"]
[Round "5.8"]
[White "Vaz Lacuesta, Leonardo"]
[Black "Vazquez, Facundo"]
[Result "0-1"]
[WhiteElo "2103"]
[BlackElo "2103"]
[Annotator "TA"]
[PlyCount "72"]
[EventDate "2019.10.14"]
[EventType "swiss"]
[EventCountry "URU"]
[SourceTitle "playchess.com"]
[Source "ChessBase"]
[SourceQuality "1"]

{[%evp 19,114,0,0,-12,4,-19,0,-1,2,-7,18,14,18,24,18,2,3,7,9,6,20,11,16,16,16,22,22,10,24,0,0,0,7,-32,-33,-41,-38,-45,-49,-133,-129,-188,-147,-239,-237,-283,-150,-151,-157,-607,-584,-571,-372,-314,-224,-1568,-369,-360,-360,-482,-474,-524,-530,-529,-508,-403,-284,-285,-272,-275,-276,-258,-254,-235,-143,-44,-143,-153,-143,-168,-168,-159,0,0,0,0,0,0,0,0,0,-12837,-12838,-12839,-12839,-12839,-12838]} 1. d4 Nf6 2. Bf4 g6 3. h3 Bg7 4. e3 d6 5. Nf3 O-O 6. Be2 b6 7. O-O Bb7 8. c4 Nbd7 9. Nc3 Ne4 10. Nxe4 Bxe4 11. Nd2 {E61: King's Indian: Early deviations for White, including Smyslov System} Bb7 12. Bg5 (12. Bf3 Bxf3 13. Nxf3 c5 14. Qd3 Qc7 15. Rac1 a6 16. a4 Qb7 17. Rfd1 b5 18. cxb5 cxd4 19. exd4 axb5 20. axb5 {½-½ (40) Van den Doel,E (2593)-Tiviakov,S (2583) Amsterdam 2018}) 12... Re8 13. Bf3 {The position is equal.} Qb8 $146 ({Predecessor:} 13... Qc8 14. Qc2 e5 15. d5 f5 16. Be2 c6 17. dxc6 Bxc6 18. Rad1 Nc5 {1-0 (43) Norowitz,Y (2442)-Katz,A (2256) Mashantucket 2014}) 14. Qa4 Nf6 15. Bc6 Bxc6 16. Qxc6 Qd8 17. Rac1 Qd7 18. Qf3 c5 19. b3 Rac8 20. Rfd1 Qc7 21. Bxf6 Bxf6 22. Ne4 Bg7 23. Nc3 a6 24. Qg4 Qb7 25. a4 Red8 26. f4 e6 27. d5 f5 28. Qg5 e5 $1 29. e4 ({White should play} 29. fxe5 $15 Bxe5 30. Ne2) 29... Rf8 $1 $17 30. Rf1 (30. Re1 $17) 30... exf4 31. exf5 (31. Ne2 $17 {keeps fighting.}) 31... Rxf5 $19 32. Qg4 Rcf8 (32... Re8 $19 33. Ne2 Qe7 34. Nxf4 Qe3+ {[%mdl 64] Double Attack} 35. Kh1 Re4) 33. Ne4 $17 Qe7 34. Qf3 $2 (34. Rce1 $17 Bd4+ 35. Kh1) 34... Re5 $19 35. Nd2 Re3 36. Qg4 Qe8 {Played: Re3-g3} 0-1

[Event "Hector S Nazzari Memorial 2019"]
[Site "Montevideo"]
[Date "2019.10.18"]
[Round "5.9"]
[White "Tregarthen, Emiliano"]
[Black "Genta, Alejandro"]
[Result "1-0"]
[WhiteElo "2039"]
[BlackElo "2036"]
[Annotator "NA RC"]
[PlyCount "63"]
[EventDate "2019.10.14"]
[EventType "swiss"]
[EventCountry "URU"]
[SourceTitle "playchess.com"]
[Source "ChessBase"]
[SourceQuality "1"]
[TimeControl "5400+30"]

{[%evp 8,48,48,33,40,31,68,52,62,51,59,65,72,67,73,28,36,12,0,0,-6,-41,-29,-54,32767,-86,-69,-112,-40,-52,32767,32767,0,-97,0,0,60,73,76,32767,32767,22,144]} 1. e4 {[%emt 0:00:11]} c5 {[%emt 0:17:01]} 2. Nf3 {[%emt 0:00:17]} e6 {[%emt 0:00:08]} 3. d4 {[%emt 0:00:37]} cxd4 {[%emt 0:00:18]} 4. Nxd4 {[%emt 0:00:04]} a6 {[%emt 0:00:04]} 5. Bd3 {[%emt 0:01:05]} Qc7 {[%emt 0:00:36]} 6. O-O {[%emt 0:00:46]} Bc5 {[%emt 0:00:08]} 7. Nb3 {[%emt 0:00:45] B42: Sicilian: Kan Variation: 5 Bd3} Be7 {[%emt 0:00:09]} 8. Qg4 {[%emt 0:01:02]} g6 {[%emt 0:03:19]} 9. Nc3 {[%emt 0:01:01]} (9. a4 d6 10. a5 Nf6 11. Qe2 Nc6 12. Bh6 Bf8 13. Be3 Bg7 14. Nc3 O-O {1-0 (53) Robson,R (2675)-Ramirez Alvarez,A (2555) chess.com INT 2017}) 9... Nf6 {[%emt 0:01:37]} 10. Qe2 {[%emt 0:00:23]} Nc6 $146 {[%emt 0:07:35]} ({Predecessor:} 10... d6 11. f4 Nbd7 12. Bd2 b5 13. Rae1 Bb7 14. e5 Nh5 15. Be4 d5 {0-1 (33) Travkina,A (2221)-Sukhareva,E (2207) Sochi 2017}) 11. a4 {[%emt 0:03:50]} O-O {[%emt 0:01:51]} 12. Bh6 {[%emt 0:02:11]} Re8 {[%emt 0:00:31]} 13. f4 {[%emt 0:01:03]} d5 {[%emt 0:05:30]} 14. Rae1 {[%emt 0:11:01]} (14. e5 $11 Nd7 15. Kh1) 14... dxe4 {[%emt 0:13:57]} 15. Nxe4 {[%emt 0:05:21]} Bd7 {[%emt 0:05:14]} 16. Kh1 {[%emt 0:11:56]} Nb4 {[%emt 0:01:24]} 17. Nbc5 {[%emt 0:07:38]} Bc6 {[%emt 0:10:23]} (17... Nxe4 $17 18. Nxd7 Nxd3 19. cxd3 {[#]} (19. Qxd3 Nd6 $17) 19... Ng3+ $1 {[%mdl 512]} 20. hxg3 Qxd7) 18. Bc4 {[%emt 0:12:25]} Nbd5 {[%emt 0:11:29]} 19. Bg5 {[%emt 0:10:39]} Kg7 {[%emt 0:06:26]} ({Black should try} 19... Nxe4 $15 20. Nxe4 f5 21. Bxe7 Qxe7) 20. Nxf6 {[%emt 0:02:56]} (20. Bxd5 $11 {keeps the balance.} Nxd5 21. c4) 20... Bxf6 {[%emt 0:00:17]} ({Black should play} 20... Nxf6 $17 21. b4 Bxc5 22. bxc5 Ne4) 21. Ne4 {[%emt 0:01:20]} Bxg5 {[%emt 0:10:45]} (21... Bd8 $11) 22. fxg5 {[%emt 0:00:29]} Nf4 {[%emt 0:00:03]} 23. Qf3 {[%emt 0:06:34]} e5 {[%emt 0:01:54] [#]} 24. g3 $11 {[%emt 0:02:52]} (24. Qc3 $1 $16 Bxe4 25. Rxe4) 24... Bd5 {[%emt 0:00:26]} (24... Ne6 $11 {keeps the balance.}) 25. Bxd5 {[%emt 0:01:07]} Nxd5 {[%emt 0:00:03]} 26. c4 {[%emt 0:00:42]} Nb4 {[%emt 0:00:01]} 27. Qf6+ {[%emt 0:02:37]} Kg8 {[%emt 0:00:05]} 28. Nd6 {[%emt 0:00:58]} Rf8 {[%emt 0:02:04]} 29. Rxe5 {[%emt 0:01:42]} Nd3 {[%emt 0:00:40]} 30. Re7 {[%emt 0:00:50]} Qc6+ {[%emt 0:00:19]} 31. Kg1 {[%emt 0:03:02]} Qc5+ {[%emt 0:00:37]} 32. Kg2 {[%emt 0:00:12]} 1-0

[Event "Hector S Nazzari Memorial 2019"]
[Site "Montevideo"]
[Date "2019.10.18"]
[Round "5.10"]
[White "Bustelo, Tabare"]
[Black "Durante, Aurelio"]
[Result "1-0"]
[WhiteElo "2054"]
[BlackElo "1978"]
[Annotator "NA RC"]
[PlyCount "121"]
[EventDate "2019.10.14"]
[EventType "swiss"]
[EventCountry "URU"]
[SourceTitle "playchess.com"]
[Source "ChessBase"]
[SourceQuality "1"]
[TimeControl "5400+30"]

{[%evp 11,118,-53,-35,-52,-13,-23,-14,-24,-4,4,32767,32767,32767,32767,32767,13,16,11,14,0,7,6,48,42,47,36,83,13,27,10,20,-31,17,0,32767,32767,95,-20,32767,-9,24,13,19,8,41,0,0,32767,32767,32767,32767,32767,32767,32767,32767,32767,0,0,0,-59,59,-142,0,-65,-14,-136,-147,-204,-282,-186,-228,32767,32767,32767,32767,32767,-225,-398,32767,32767,-310,-414,-322,-706,-350,-439,-470,-442,-475,32767,-494,-460,-480,-488,-494,-589,-292,-287,-279,-314,-183,-268,-266,-253,-175,-279,1431,-451,-279]} 1. Nc3 {[%emt 0:08:00]} d5 {[%emt 0:00:42]} 2. d4 {[%emt 0:00:25]} Nf6 {[%emt 0:01:18]} 3. Bg5 {[%emt 0:00:11]} Bf5 {[%emt 0:01:26]} 4. Nf3 {[%emt 0:01:32]} c6 {[%emt 0:00:48]} 5. g3 {[%emt 0:00:50]} (5. e3 Nbd7 6. Bd3 Bxd3 7. cxd3 h6 8. Bh4 e6 9. O-O g5 10. Bg3 Nh5 11. Be5 f6 12. Nd2 {0-1 (30) Saptarshi,R (2425)-Svetushkin,D (2574) Karlsruhe 2017}) 5... Nbd7 {[%emt 0:00:18]} 6. Bg2 {[%emt 0:00:07] D01: Veresov Opening} h6 {[%emt 0:00:42]} 7. Bf4 {[%emt 0:00:40]} Ne4 {[%emt 0:01:59]} 8. Nxe4 $146 {[%emt 0:02:49]} ({Predecessor:} 8. Nd2 Nxc3 9. bxc3 g5 10. Be3 Nb6 11. h4 gxh4 12. Rxh4 {½-½ (50) Hadlich,W (1851)-Rakhmanov,V (1701) Pinneberg 2004}) 8... Bxe4 {[%emt 0:00:10]} 9. O-O {[%emt 0:00:18]} Rc8 {[%emt 0:02:57]} 10. c3 {[%emt 0:04:21]} Qb6 {[%emt 0:01:39]} 11. Qd2 {[%emt 0:00:45]} g5 {[%emt 0:02:52]} 12. Be3 {[%emt 0:00:04]} Qc7 {[%emt 0:02:22]} 13. Ne1 {[%emt 0:03:56]} Bf5 14. Nd3 Bg7 {[%emt 0:02:48]} 15. Rae1 {[%emt 0:01:59]} O-O {[%emt 0:00:25]} 16. f3 {[%emt 0:01:53]} Bg6 {[%emt 0:04:22]} 17. f4 {[%emt 0:06:36]} f6 {[%emt 0:01:05]} 18. Bh3 {[%emt 0:01:25]} Bf7 {[%emt 0:00:53]} 19. Rf2 {[%emt 0:03:15]} (19. Bf2 $16) 19... Rce8 {[%emt 0:01:23]} 20. Ref1 {[%emt 0:00:55]} e6 {[%emt 0:04:57]} 21. Ne1 {[%emt 0:08:14]} c5 {[%emt 0:02:26]} (21... Bg6 $15) 22. Nf3 {[%emt 0:04:28]} cxd4 {[%emt 0:01:58]} 23. cxd4 {[%emt 0:00:19]} Nb6 {[%emt 0:01:51]} (23... Bg6 $11 {keeps the balance.}) 24. b3 {[%emt 0:00:47]} ({White has to play} 24. fxg5 $16 hxg5 {[#]} 25. Bxg5 $1 {[%mdl 512]}) 24... Rc8 {[%emt 0:01:09]} 25. Qa5 $2 {[%emt 0:06:53]} ({White must play} 25. fxg5 $18 hxg5 26. Bxg5) 25... Nd7 {[%emt 0:10:05]} 26. Qa3 {[%emt 0:01:43]} Qb6 {[%emt 0:03:19]} 27. fxg5 {[%emt 0:02:56]} hxg5 {[%emt 0:02:48]} 28. Bd2 {[%emt 0:00:26]} Bh5 {[%emt 0:07:17]} 29. g4 {[%emt 0:09:16]} Bg6 {[%emt 0:00:02]} 30. Bb4 {[%emt 0:00:42]} Rfe8 {[%emt 0:00:56]} 31. e3 {[%emt 0:00:34]} Rc6 {[%emt 0:03:44]} 32. Bg2 {[%emt 0:00:29]} Rec8 {[%emt 0:00:26]} 33. h4 {[%emt 0:00:22]} gxh4 {[%emt 0:01:07]} 34. Nxh4 {[%emt 0:00:20]} Bd3 {[%emt 0:02:53]} 35. Rd1 {[%emt 0:00:32]} Bh7 {[%emt 0:00:09]} 36. Rdf1 $2 {[%emt 0:01:38]} (36. Ba5 $1 $14 {keeps the upper hand.} Qa6 37. Bf1) 36... Bd3 $2 {[%emt 0:05:56] [#]} ({Black should try} 36... Qc7 $19 37. Nf5 exf5 38. Bxd5+ Kh8 39. Bxc6 Qxc6) 37. Rd1 {[%emt 0:00:38]} ({Better is} 37. Nf5 $1 $11 {[%mdl 512]} Bxf1 (37... exf5 38. Bxd5+) 38. Ne7+ {[%mdl 64] Double Attack} Kf7 39. Ba5) 37... Qb5 {[%emt 0:00:25]} 38. Bd2 {[%emt 0:08:11]} (38. g5 $11) 38... Bf8 {[%emt 0:01:55]} 39. b4 {[%emt 0:00:54]} Ra6 {[%emt 0:01:27]} 40. Qb2 {[%emt 0:06:20]} Rc2 {[%emt 0:01:00]} 41. Qb3 {[%emt 0:01:47]} Raxa2 {[%emt 0:00:54]} 42. Be1 {[%emt 0:00:38]} Bc4 {[%emt 0:06:27]} 43. Qb1 {[%emt 0:01:47] [#]} Rab2 $1 {[%emt 0:03:15]} 44. Qa1 {[%emt 0:00:02]} (44. Qxb2 $142 Rxb2 45. Rxb2) 44... Rxf2 {[%emt 0:02:55]} 45. Bxf2 {[%emt 0:00:17]} Rxb4 {[%emt 0:01:58]} 46. Bf1 {[%emt 0:06:20]} Bh6 {[%emt 0:02:30]} 47. Qa3 $2 {[%emt 0:01:55]} (47. Re1) 47... Kf7 {[%emt 0:01:29]} 48. Qc3 {[%emt 0:00:29]} Rb1 {[%emt 0:00:42]} 49. Rxb1 {[%emt 0:02:22]} Qxb1 {[%emt 0:00:04]} 50. Be1 {[%emt 0:00:06]} Qe4 {[%emt 0:01:34]} 51. Ng2 {[%emt 0:00:50]} Qxg4 {[%emt 0:00:20]} 52. Bxc4 {[%emt 0:00:15]} dxc4 {[%emt 0:00:13]} 53. Bf2 {[%emt 0:01:52]} Bf8 {[%emt 0:00:50]} 54. Qxc4 {[%emt 0:00:25]} Qd1+ {[%emt 0:00:51]} 55. Be1 {[%emt 0:00:35]} Qf3 {[%emt 0:00:49]} 56. Bf2 {[%emt 0:00:54]} Qc6 {[%emt 0:00:48]} 57. Qe2 {[%emt 0:00:16]} Qd5 {[%emt 0:00:46]} 58. Nf4 {[%emt 0:00:25]} (58. e4 $142 Qg5 59. Qf3) 58... Bd6 $4 {[%emt 0:00:32]} (58... Qg5+ $19 59. Ng2 Bd6) 59. Nxd5 $19 {[%emt 0:00:03]} (59. Kf1 $4 {[%mdl 8192]}) 59... exd5 60. Qh5+ Ke7 61. Qxd5 1-0

[Event "Hector S Nazzari Memorial 2019"]
[Site "Montevideo"]
[Date "2019.10.18"]
[Round "5.11"]
[White "Muniz, Rafael"]
[Black "Gomez Troccoli, Martin"]
[Result "0-1"]
[WhiteElo "2282"]
[BlackElo "1961"]
[Annotator "TA"]
[PlyCount "104"]
[EventDate "2019.10.14"]
[EventType "swiss"]
[EventCountry "URU"]
[SourceTitle "playchess.com"]
[Source "ChessBase"]
[SourceQuality "1"]

{[%evp 17,103,10,24,12,27,29,44,60,50,29,66,29,42,10,15,26,48,19,29,10,36,32,45,48,40,21,54,44,73,54,104,48,37,0,0,26,16,-14,-16,-8,0,-47,0,-27,-26,-64,-51,-75,-94,-127,-84,-76,-72,-149,-143,-138,0,0,0,-15,0,0,0,0,0,13,28,0,205,0,0,-24,-3,-105,-108,-510,29990,29991,29989,1153,1007,172,143,-1092,-956,-1308,-1336,-29999]} 1. e4 e6 2. d4 d5 3. e5 c5 4. c3 Nc6 5. Nf3 Bd7 6. Be2 Nge7 7. Na3 cxd4 8. cxd4 Nf5 9. Nc2 Nb4 10. Nxb4 {C02: French: Advance Variation} (10. O-O Nxc2 11. Qxc2 Qb6 12. Qd3 h6 13. Bd2 Bb4 14. Bxb4 Qxb4 15. Rfc1 a6 16. Rc3 O-O 17. Rb3 Qa4 18. g4 Ne7 19. Rxb7 Ng6 20. Qd2 {1-0 (43) Hector,J (2556)-Sumets,A (2575) Lund 2018}) 10... Bxb4+ 11. Kf1 Qb6 12. g4 {White is slightly better.} Nh6 $1 13. h3 Bb5 14. Kg2 $146 (14. Bxh6 $5 gxh6 15. Bxb5+ Qxb5+ 16. Kg2 $14) ({Predecessor:} 14. Bxb5+ Qxb5+ 15. Kg2 Ng8 16. Qb3 a6 17. a4 Qa5 {0-1 (36) Olivencia,F (2228)-Matsuura,F (2296) Sao Paulo 2004}) 14... Ng8 15. Bg5 h6 {White must now prevent ...Bxe2.} 16. Be3 Be7 17. Rc1 Bd8 18. Rc5 Bc6 19. Qd2 Ne7 20. Bd3 Bd7 21. b4 Nc6 22. a3 Be7 23. Rc2 Nd8 24. Rhc1 (24. b5 $16) 24... a5 $14 {[%cal Ra5b4]} 25. Rb1 (25. b5 $5) 25... axb4 26. axb4 Bb5 27. Ne1 Nc6 28. Bxb5 Qxb5 29. Nd3 h5 30. g5 g6 31. Nc5 Bxc5 32. Rxc5 Qb6 33. f4 Kd7 34. f5 gxf5 35. Qb2 ({White should play} 35. b5 Na5 36. Rbc1) 35... Ra4 {[%cal Ra4b4]} 36. b5 Na5 (36... Ne7 $1 $17 37. Qe2 Ra3) 37. Qc2 $11 Rc4 38. Qe2 Ra4 39. Qc2 Rc4 40. Qa2 h4 41. Ra1 $36 {[%mdl 2048] White has good play.} Ra8 $1 42. Qa3 f4 $2 (42... Rxc5 $11 {and Black stays safe.} 43. Qxc5 Qc7) 43. Bd2 $2 (43. Rxc4 $18 dxc4 44. Bf2) 43... Rxd4 44. Bb4 {Qc3 is the strong threat.} ({Don't go for} 44. Bxa5 $2 Rxa5 $1 {[%mdl 512]} 45. Qc3 Rc4 $1 $19 {[%mdl 512]}) 44... Qd8 45. Bxa5 (45. Kh1 $1 $11 {keeps the balance.}) 45... Qxg5+ $17 46. Kh1 $2 {[%mdl 8192]} (46. Kf1 $17 f3 47. Rc2) 46... b6 $4 {[%mdl 8192] [#]} (46... Qxe5 $19 47. Rg1 b6 $1 {[%mdl 576] Double Attack}) 47. Rc7+ $1 {[%mdl 512]} Ke8 (47... Kxc7 48. Qd6+) 48. Qd6 (48. Rg1 $142 Rd1 49. Rxd1 Qd8 50. Rb7 d4 51. Rg1 Qd5+ 52. Kh2 Qa2+ 53. Qxa2 Kf8 54. Bb4+ {[%mdl 64] Discovered Attack} Ke8 55. Qxa8#) 48... Rd8 $18 49. Qxb6 $2 (49. Qc6+ Kf8 50. Qxb6) 49... Rd3 {[%cal Rd3h3]} 50. Qc6+ $2 {[%mdl 8192] [#]} (50. Rc3 $16 Rxc3 51. Bxc3) 50... Kf8 $1 $19 {[%cal Rd3h3][%mdl 512]} 51. Bb4+ {[#]} Kg8 $1 {[%cal Rd3h3][%mdl 512]} 52. Rg1 Rxh3# {Accuracy: White = 24%, Black = 55%.} 0-1